Paryż - prawda czy fałsz? - Statystyki

Ogólne statystyki
  • Ten quiz został rozwiązany 1 765 razy
    1 726 od ostatniego zresetowania
  • Średni wynik to 11 z 15
Statystyki odpowiedzi
Zagadnienie Odpowiedź % Poprawnych
Paryż leży nad Sekwaną Prawda
95%
Paryż graniczy z morzem Fałsz
92%
Letnie Igrzyska Olimpijskie w 2024 roku miały miejsce w Paryżu Prawda
89%
Paryż położony jest w północnej części Francji Prawda
87%
Z powodu przeludnienia cmentarzy w XVIII wieku w katakumbach odkopano i ponownie pochowano miliony ludzkich szkieletów Prawda
81%
„Le Monde” to duża gazeta wydawana w Paryżu Prawda
81%
Paryż nigdy nie został zdobyty przez obcego najeźdźcę Fałsz
80%
Wersal leży niecałe 50 km od Paryża Prawda
79%
Niedaleko Luwru znajduje się gigantyczny złoty posąg Ludwika XIV, który zawsze obraca się w stronę słońca. Fałsz
74%
Paryż był siedzibą polskiego rządu na emigracji przez całą drugą wojnę światową Fałsz
71%
Wieża Eiffla jest najwyższą budowlą w Paryżu Prawda
70%
Arabski jest obecnie najpopularniejszym językiem używanym w Paryżu Fałsz
69%
W centrum Paryża nie wolno wjeżdżać samochodami Fałsz
63%
Luwr został zbudowany za panowania Napoleona Fałsz
61%
Paryż nosi imię księcia trojańskiego z Iliady Fałsz
41%
Nie znaleziono quizów pasujących do podanych kryteriów
Rozkład punktacji
Procent ludzi z każdym wynikiem
Percentyl według liczby udzielonych odpowiedzi
Twoja historia wyników
Nie rozwiązałeś tego quizu od ostatniego zresetowania